000 00788nam a2200241Ia 4500
003 OSt
005 20220926033450.0
006 a|||||r|||| 00| 0
007 ta
008 220923b |||||||| |||| 00| 0 eng d
020 _a9781902505817
_c276.25
037 _b726-728, 15/07/2011, Insat Books & Periodicals
_cGeneral Book
040 _aRTL
_cRTL
_beng
041 _2eng
_aeng
082 _aX:86.1, P9
100 _aHARRIN Elizabeth
_9339204
245 0 _aProject management in the real world
_b Shortcuts to success.
260 _aUnited Kingdom
_bBCS
_c2009
300 _axxii, 203p
_ccm.
500 _aGlossary: P xv-xxii
942 _hX:86.1, P9
_cGB
_2CC
999 _c656916
_d656916